000 004440000a22001570004500
003 MACL
005 20170728152052.0
008 170728b xxu||||| |||| 00| 0 eng d
040 _cmacl
100 _a पाल, जोगिन्‍दर
_968400
245 _aकहां
260 _bकिताबघर प्रकाशन
_c1995
350 _a125
650 _a स्‍टोरीज,
_99153
942 _cHIN
_k891.433/PAL/S
_2ddc
999 _c21447
_d21447